All Pokemon in Gen 5 - Statistics

General Stats
  • This quiz has been taken 18 times
  • The average score is 95 of 156
Answer Stats
N0. Type 1 Type 2 Answer % Correct
494 Psychic Fire Victini
100%
502 Water None Dewott
93%
500 Fire Fighting Emboar
93%
507 Normal None Herdier
93%
501 Water None Oshawott
93%
499 Fire Fighting Pignite
93%
503 Water None Samurott
93%
497 Grass None Serperior
93%
495 Grass None Snivy
93%
498 Fire None Tepig
93%
609 Ghost Fire Chandelure
86%
542 Bug Grass Leavanny
86%
506 Normal None Lillipup
86%
607 Ghost Fire Litwick
86%
515 Water None Panpour
86%
511 Grass None Pansage
86%
513 Fire None Pansear
86%
519 Normal Flying Pidove
86%
496 Grass None Servine
86%
540 Bug Grass Sewaddle
86%
523 Electric None Zebstrika
86%
524 Rock None Roggenrola
79%
512 Grass None Simisage
79%
514 Fire None Simisear
79%
508 Normal None Stoutland
79%
642 Electric Flying Thundurus
79%
521 Normal Flying Unfezant
79%
522 Electric None Blitzle
71%
525 Rock None Boldore
71%
534 Fighting None Conkeldurr
71%
649 Bug Steel Genesect
71%
647 Water Fighting Keldeo
71%
646 Dragon Ice Kyurem
71%
608 Ghost Fire Lampent
71%
645 Ground Flying Landorus
71%
510 Dark None Liepard
71%
630 Dark Flying Mandibuzz
71%
517 Psychic None Munna
71%
518 Psychic None Musharna
71%
504 Normal None Patrat
71%
509 Dark None Purrloin
71%
539 Fighting None Sawk
71%
545 Bug Poison Scolipede
71%
516 Water None Simipour
71%
538 Fighting None Throh
71%
532 Fighting None Timburr
71%
520 Normal Flying Tranquill
71%
535 Water None Tympole
71%
602 Electric None Tynamo
71%
583 Ice None Vanillish
71%
582 Ice None Vanillite
71%
584 Ice None Vanilluxe
71%
505 Normal None Watchog
71%
544 Bug Poison Whirlipede
71%
644 Dragon Electric Zekrom
71%
610 Dragon None Axew
64%
625 Dark Steel Bisharp
64%
628 Normal Flying Braviary
64%
565 Water Rock Carracosta
64%
638 Steel Fighting Cobalion
64%
580 Water Flying Ducklett
64%
578 Psychic None Duosion
64%
596 Bug Electric Galvantula
64%
526 Rock None Gigalith
64%
574 Psychic None Gothita
64%
576 Psychic None Gothitelle
64%
533 Fighting None Gurdurr
64%
612 Dragon None Haxorus
64%
593 Water Ghost Jellicent
64%
600 Steel None Klang
64%
599 Steel None Klink
64%
648 Normal Psychic Meloetta
64%
624 Dark Steel Pawniard
64%
643 Dragon Fire Reshiram
64%
579 Psychic None Reuniclus
64%
627 Normal Flying Rufflet
64%
537 Water Ground Seismitoad
64%
616 Bug None Shelmet
64%
541 Bug Grass Swadloon
64%
581 Water Flying Swanna
64%
639 Rock Fighting Terrakion
64%
641 Flying None Tornadus
64%
543 Bug Poison Venipede
64%
640 Grass Fighting Virizion
64%
558 Bug Rock Crustle
57%
613 Ice None Cubchoo
57%
633 Dark Dragon Deino
57%
621 Dragon None Druddigon
57%
557 Bug Rock Dwebble
57%
604 Electric None Eelektross
57%
589 Bug Steel Escavalier
57%
530 Ground Steel Excadrill
57%
598 Grass Steel Ferrothorn
57%
622 Ground Ghost Golett
57%
623 Ground Ghost Golurk
57%
575 Psychic None Gothorita
57%
635 Dark Dragon Hydreigon
57%
601 Steel None Klinklang
57%
552 Ground Dark Krokorok
57%
553 Ground Dark Krookodile
57%
536 Water Ground Palpitoad
57%
559 Dark Fighting Scraggy
57%
561 Psychic Flying Sigilyph
57%
637 Bug Fire Volcarona
57%
634 Dark Dragon Zweilous
57%
567 Rock Flying Archeops
50%
531 Normal None Audino
50%
614 Ice None Beartic
50%
546 Grass Fairy Cottonee
50%
615 Ice None Cryogonal
50%
529 Ground None Drilbur
50%
632 Bug Steel Durant
50%
587 Electric Flying Emolga
50%
597 Grass Steel Ferroseed
50%
611 Dragon None Fraxure
50%
592 Water Ghost Frillish
50%
631 Fire None Heatmor
50%
595 Bug Electric Joltik
50%
588 Bug None Karrablast
50%
636 Bug Fire Larvesta
50%
551 Ground Dark Sandile
50%
560 Dark Fighting Scrafty
50%
577 Psychic None Solosis
50%
528 Psychic Flying Swoobat
50%
547 Grass Fairy Whimsicott
50%
527 Psychic Flying Woobat
50%
571 Dark None Zoroark
50%
570 Dark None Zorua
50%
617 Bug None Accelgor
43%
566 Rock Flying Archen
43%
573 Normal None Cinccino
43%
563 Ghost None Cofagrigus
43%
585 Normal Grass Deerling
43%
549 Grass None Lilligant
43%
619 Fighting None Mienfoo
43%
572 Normal None Minccino
43%
548 Grass None Petilil
43%
618 Ground Electric Stunfisk
43%
564 Water Rock Tirtouga
43%
562 Ghost None Yamask
43%
550 Water None Basculin
36%
555 Fire None Darmanitan
36%
554 Fire None Darumaka
36%
603 Electric None Eelektrik
36%
629 Dark Flying Vullaby
36%
591 Grass Poison Amoonguss
29%
590 Grass Poison Foongus
29%
569 Poison None Garbodor
29%
556 Grass None Maractus
29%
620 Fighting None Mienshao
29%
586 Normal Grass Sawsbuck
29%
568 Poison None Trubbish
21%
594 Water None Alomomola
14%
606 Psychic None Beheeyem
14%
626 Normal None Bouffalant
14%
605 Psychic None Elgyem
7%
No matching quizzes found
Score Distribution
Percent of People with Each Score
Percentile by Number Answered
Your Score History
You have not taken this quiz